000 00656nam a22001937a 4500
003 OSt
005 20260618122115.0
008 260618b |||||||| |||| 00| 0 eng d
020 _a0-7619-4570-9
040 _cChuka University Library
050 _aLB 2844.1
_b.C38 2002
100 _aCattani Dana Haight
_930148
245 _aA classroom of her own
_bHow new teachers develop instructional , professional , and cultural competence
260 _aCorwin press
_bThousand oaks
_c2002
300 _a156
650 _aFirst year teachers united states case studies
_930149
650 _aWomen teachers united states case studies
_930150
942 _2lcc
_cBK
_n0
999 _c24761
_d24761